[Event "Chioggia op-B 05th"]
[Site "Chioggia"]
[Date "2010.10.09"]
[Round "3"]
[White "Mantovan, Giorgio"]
[Black "Perissotto, Mario"]
[Result "0-1"]
[WhiteElo "1578"]
[BlackElo "1653"]
[PlyCount "120"]
[EventDate "2010.10.08"]
[EventType "swiss"]
[EventRounds "5"]
[EventCountry "ITA"]
[SourceTitle "EXT 2022"]
[Source "ChessBase"]
[SourceDate "2021.10.06"]
[SourceVersion "1"]
[SourceVersionDate "2021.10.06"]
[SourceQuality "1"]

1. f4 d5 2. d4 Nf6 3. Nf3 c5 4. c3 Nc6 5. e3 Bg4 6. Be2 e6 7. Nbd2 Bd6 8. 0-0 0-0 9. Ne5 Bf5 10. Ndf3 Rc8 11. Bd3 Bxd3 12. Qxd3 c4 13. Qc2 Ne4 14. Nd2 Nf6 15. e4 Nh5 16. Nxc6 bxc6 17. e5 Be7 18. Nf3 f6 19. g4 fxe5 20. gxh5 exf4 21. Qe2 Rf6 22. Kh1 Qe8 23. Ne5 Rf5 24. Bxf4 Rxh5 25. Bg3 Rg5 26. Rf3 Qh5 27. Qe3 Rf5 28. Nxc4 Qxf3+ 29. Qxf3 Rxf3 30. Ne5 Rf5 31. Re1 Bf6 32. Nd7 Kf7 33. Kg2 Rd8 34. Nc5 Re8 35. Nb7 Be7 36. Re2 h5 37. Be5 g5 38. h3 Rc8 39. a3 c5 40. Kg3 cxd4 41. cxd4 Rc6 42. Kg2 Rb6 43. Na5 Bd6 44. Bxd6 Rxd6 45. Nb7 Rb6 46. Nc5 Rf4 47. Rd2 Ke7 48. b3 Kd6 49. b4 g4 50. hxg4 hxg4 51. Rd3 Rb8 52. Kg3 Rbf8 53. a4 R8f7 54. a5 e5 55. dxe5+ Kxe5 56. b5 Rb4 57. b6 axb6 58. axb6 Rxb6 59. Rb3 Rxb3+ 60. Nxb3 Rf3+ 0-1

[Event "Chioggia op-B 02nd"]
[Site "Chioggia"]
[Date "2007.05.20"]
[Round "4"]
[White "Mantovan, Giorgio"]
[Black "Cruccu, Alberto"]
[Result "0-1"]
[WhiteElo "1614"]
[BlackElo "1521"]
[PlyCount "66"]
[EventDate "2007.05.18"]
[EventType "swiss"]
[EventRounds "5"]
[EventCountry "ITA"]
[SourceTitle "EXT 2022"]
[Source "ChessBase"]
[SourceDate "2021.10.06"]
[SourceVersion "1"]
[SourceVersionDate "2021.10.06"]
[SourceQuality "1"]

1. e4 c5 2. Nf3 g6 3. d4 cxd4 4. Nxd4 Bg7 5. c3 Nf6 6. Bd3 0-0 7. 0-0 Nc6 8. Nf3 d6 9. h3 a6 10. Na3 b5 11. Nc2 Bb7 12. Re1 Qc7 13. Bf4 Nd7 14. Rc1 Nde5 15. Ncd4 Nxd3 16. Qxd3 e5 17. Nxc6 Bxc6 18. Be3 f5 19. Ng5 Qe7 20. c4 f4 21. cxb5 Qxg5 22. bxc6 fxe3 23. fxe3 Qe7 24. Re2 Bh6 25. Rec2 Qc7 26. a3 Qb6 27. Re1 Rac8 28. Qxd6 Bxe3+ 29. Kh1 Bd4 30. b4 Qb5 31. c7 Rf1+ 32. Rxf1 Qxf1+ 33. Kh2 Bg1+ 0-1

[Event "Chioggia op-B 02nd"]
[Site "Chioggia"]
[Date "2007.05.18"]
[Round "1"]
[White "Daccico, Gianni"]
[Black "Mantovan, Giorgio"]
[Result "0-1"]
[WhiteElo "1410"]
[BlackElo "1614"]
[PlyCount "108"]
[EventDate "2007.05.18"]
[EventType "swiss"]
[EventRounds "5"]
[EventCountry "ITA"]
[SourceTitle "EXT 2022"]
[Source "ChessBase"]
[SourceDate "2021.10.06"]
[SourceVersion "1"]
[SourceVersionDate "2021.10.06"]
[SourceQuality "1"]

1. e4 e5 2. d4 exd4 3. c3 Nc6 4. cxd4 d6 5. Bb5 Bd7 6. Nf3 Nf6 7. Nc3 a6 8. Ba4 h6 9. 0-0 Be7 10. a3 Na5 11. Bxd7+ Qxd7 12. Re1 0-0 13. Bd2 Nc4 14. b3 Nxd2 15. Qxd2 c6 16. Na4 Qd8 17. Nc3 Nh7 18. Ne2 Ng5 19. Nxg5 Bxg5 20. Qd3 c5 21. d5 Bf6 22. Rab1 b5 23. Ng3 Be5 24. Nf5 Qg5 25. Qh3 Kh7 26. Kh1 g6 27. Nh4 Qe7 28. g3 Bc3 29. Re2 Ra7 30. f4 Bf6 31. f5 g5 32. Nf3 Rg8 33. Qh5 g4 34. Nd2 Rg5 35. Qh4 Ra8 36. Rf2 Rag8 37. Kg2 Rxf5 38. Rxf5 Bxh4 39. gxh4 Qxh4 40. Rxf7+ Kh8 41. Rbf1 Qg5 42. R1f2 Rg7 43. Rf8+ Kh7 44. Nf1 Qh4 45. Ng3 Qe7 46. R8f4 Qe5 47. Rf5 Qd4 48. Kg1 a5 49. Nh5 Re7 50. Nf6+ Kg6 51. Nxg4 Qd1+ 52. Kg2 Qxg4+ 53. Kf1 Kh7 54. Rg2 Qxe4 0-1

[Event "Chioggia op 1st"]
[Site "Chioggia"]
[Date "2006.02.05"]
[Round "6"]
[White "Mantovan, Giorgio"]
[Black "Boscolo Bragadin, Aldo"]
[Result "0-1"]
[WhiteElo "1539"]
[BlackElo "1700"]
[PlyCount "115"]
[EventDate "2006.01.28"]
[EventType "swiss"]
[EventRounds "6"]
[EventCountry "ITA"]
[SourceTitle "EXT 2022"]
[Source "ChessBase"]
[SourceDate "2021.10.06"]
[SourceVersion "1"]
[SourceVersionDate "2021.10.06"]
[SourceQuality "1"]

1. e4 c5 2. d4 cxd4 3. Qxd4 Nc6 4. Qd1 Nf6 5. Nc3 e6 6. a3 d6 7. Nf3 Be7 8. Bd3 Bd7 9. 0-0 h6 10. Ne2 Rc8 11. c3 Qb6 12. h3 a6 13. b4 Qc7 14. Bb2 d5 15. exd5 Nxd5 16. c4 Nf6 17. c5 0-0 18. Bb1 e5 19. Ng3 Rcd8 20. Qe2 Rfe8 21. Ne4 Nd5 22. Qc2 Bf5 23. Nf6+ Nxf6 24. Qxf5 g6 25. Qc2 Rd7 26. Ba2 Red8 27. Qxg6+ Kh8 28. Qxh6+ Nh7 29. Rfe1 Bf8 30. Qh5 f6 31. Nh4 Rd2 32. Ng6+ Kg7 33. Bc1 Rxa2 34. Rxa2 Qf7 35. Qh6+ Kg8 36. Nxf8 Nxf8 37. Rae2 Nd4 38. Re4 Nfe6 39. Rg4+ Ng7 40. Rh4 Kf8 41. Qe3 Ndf5 42. Rh8+ Ke7 43. Qe4 Rxh8 44. Qxb7+ Kf8 45. Qc8+ Qe8 46. Qxa6 Qg6 47. Rxe5 Rxh3 48. Bf4 Rh4 49. Qc8+ Kf7 50. Qd7+ Kg8 51. Qd5+ Kh7 52. Re4 Qh5 53. g3 Rh1+ 54. Kg2 Nh4+ 55. Kxh1 Qxd5 56. gxh4 Qxe4+ 57. Kg1 Qxf4 58. a4 0-1

[Event "Chioggia op 1st"]
[Site "Chioggia"]
[Date "2006.02.04"]
[Round "4"]
[White "Belloni, Umberto"]
[Black "Mantovan, Giorgio"]
[Result "1-0"]
[WhiteElo "1914"]
[BlackElo "1539"]
[PlyCount "143"]
[EventDate "2006.01.28"]
[EventType "swiss"]
[EventRounds "6"]
[EventCountry "ITA"]
[SourceTitle "EXT 2022"]
[Source "ChessBase"]
[SourceDate "2021.10.06"]
[SourceVersion "1"]
[SourceVersionDate "2021.10.06"]
[SourceQuality "1"]

1. d4 c6 2. c3 d5 3. Qc2 Nf6 4. Bg5 Nbd7 5. Nd2 h6 6. Bh4 e6 7. e3 Be7 8. Bg3 Nh5 9. Be2 Nhf6 10. f4 c5 11. Rc1 c4 12. Ngf3 Nh5 13. Bf2 Nhf6 14. 0-0 b5 15. a3 Bb7 16. Ra1 a6 17. Ne5 0-0 18. Bg3 Ne8 19. Bf3 Rb8 20. h3 Nd6 21. Bg4 Nf6 22. Bf3 Nf5 23. Bf2 Ne8 24. Kh2 Bd6 25. g4 Bxe5 26. gxf5 Bf6 27. fxe6 fxe6 28. Bg4 Qe7 29. Nf3 Nd6 30. Nd2 Nf5 31. Bxf5 exf5 32. Nf3 Bc8 33. Rg1 Qe4 34. Qxe4 fxe4 35. Ne5 Rb7 36. Rg2 Bd8 37. Rag1 Bf5 38. h4 Rb6 39. h5 Bf6 40. Ng6 Rf7 41. Bh4 a5 42. Bxf6 Rbxf6 43. Nh4 Bh7 44. Kh3 Kf8 45. Ng6+ Ke8 46. Kh4 Rf5 47. Rf1 Rb7 48. Kg4 Rbf7 49. Nh4 R5f6 50. Rgf2 Bf5+ 51. Nxf5 Rxf5 52. Kh4 Kf8 53. Rg1 R7f6 54. Rfg2 Rf7 55. Rg6 R7f6 56. Kg4 Rxg6+ 57. hxg6 Rf6 58. f5 Ke7 59. Kf4 Kd6 60. Rh1 Rf8 61. Rh5 Rf6 62. Rxh6 Ke7 63. Rh7 Kf8 64. Rh8+ Ke7 65. Rg8 Rf8 66. Rxf8 Kxf8 67. Ke5 Ke7 68. Kxd5 Kf6 69. Kxe4 Ke7 70. Kd5 Kf6 71. e4 Ke7 72. e5 1-0

[Event "Chioggia op 1st"]
[Site "Chioggia"]
[Date "2006.01.28"]
[Round "1"]
[White "Mantovan, Giorgio"]
[Black "Castellano, Alfonso"]
[Result "0-1"]
[WhiteElo "1539"]
[BlackElo "1935"]
[PlyCount "54"]
[EventDate "2006.01.28"]
[EventType "swiss"]
[EventRounds "6"]
[EventCountry "ITA"]
[SourceTitle "EXT 2022"]
[Source "ChessBase"]
[SourceDate "2021.10.06"]
[SourceVersion "1"]
[SourceVersionDate "2021.10.06"]
[SourceQuality "1"]

1. e4 c5 2. Nf3 d6 3. Bc4 e6 4. d4 cxd4 5. Qxd4 Nf6 6. e5 Nc6 7. Qf4 dxe5 8. Nxe5 Qa5+ 9. Nc3 Nxe5 10. Bb3 Be7 11. 0-0 Ng6 12. Qc4 0-0 13. Be3 b6 14. Qc6 Ba6 15. Rfd1 Ng4 16. Rd4 Qh5 17. h3 Nxe3 18. fxe3 Bc5 19. Re4 Qg5 20. Re1 Ne5 21. Qa4 Qg3 22. Rxe5 Qxe1+ 23. Kh2 Bd6 24. Qe4 Bb7 25. Qf4 Qd2 26. Ne4 Bxe4 27. Qxe4 Qa5 0-1